[Event "Extremadura-chT"]
[Site "Spain"]
[Date "2009.02.28"]
[Round "6.1"]
[White "Corbacho Charneco, Ismael"]
[Black "Crespo Ramos, Maria"]
[Result "1/2-1/2"]
[WhiteElo "2063"]
[BlackElo "1615"]
[PlyCount "46"]
[EventDate "2009.01.17"]
[EventType "team-swiss"]
[EventRounds "9"]
[EventCountry "ESP"]
[SourceTitle "EXT 2011"]
[Source "ChessBase"]
[SourceDate "2010.11.26"]
[SourceVersion "1"]
[SourceVersionDate "2010.11.26"]
[SourceQuality "1"]
[WhiteTeam "Ruy Lopez"]
[BlackTeam "Miguel Illescas"]
[WhiteTeamCountry "ESP"]
[BlackTeamCountry "ESP"]

1. e4 c5 2. b4 cxb4 3. d4 d5 4. e5 Nc6 5. Be3 Qc7 6. Bd3 f6 7. Qh5+ Kd8 8. Qf7 Nh6 9. Qxd5+ Qd7 10. Qxd7+ Bxd7 11. Bxh6 gxh6 12. exf6 Nxd4 13. fxe7+ Kxe7 14. Nd2 Rg8 15. Ne2 Nxe2 16. Kxe2 Bc6 17. Rhg1 Rxg2 18. Rxg2 Bxg2 19. Bxh7 Rc8 20. a3 bxa3 21. Rxa3 a6 22. f3 Bg7 23. Be4 Rc7 1/2-1/2

[Event "Extremadura-chT"]
[Site "Spain"]
[Date "2008.03.01"]
[Round "7.1"]
[White "Carrasco Martinez, Juan Manuel"]
[Black "Corbacho Charneco, Ismael"]
[Result "1-0"]
[WhiteElo "2423"]
[BlackElo "2078"]
[PlyCount "75"]
[EventDate "2008.01.19"]
[EventType "team-swiss"]
[EventRounds "9"]
[EventCountry "ESP"]
[SourceTitle "EXT 2011"]
[Source "ChessBase"]
[SourceDate "2010.11.26"]
[SourceVersion "1"]
[SourceVersionDate "2010.11.26"]
[SourceQuality "1"]
[WhiteTeam "Extremadura Magic"]
[BlackTeam "Ruy Lopez"]
[WhiteTeamCountry "ESP"]
[BlackTeamCountry "ESP"]

1. d4 f5 2. g3 Nf6 3. Bg2 g6 4. c3 Bg7 5. Qb3 c6 6. Nh3 Qb6 7. Nd2 d6 8. Nf3 Qxb3 9. axb3 Be6 10. b4 h6 11. Nf4 Bf7 12. Nh4 g5 13. Nxf5 Bf8 14. Nd3 Bd5 15. Bxd5 cxd5 16. h4 g4 17. Nf4 Kf7 18. h5 e6 19. Ng6 exf5 20. Nxh8+ Ke6 21. Ng6 Bg7 22. Nf4+ Kf7 23. f3 Nbd7 24. Kf2 Nb6 25. b3 Ne8 26. Bb2 Bf6 27. Ra5 Nc7 28. b5 Ne6 29. Nd3 Bd8 30. Rha1 Nc8 31. b6 Ne7 32. Rxa7 Rb8 33. Ra8 Rxa8 34. Rxa8 Bxb6 35. Ba3 Bc7 36. Bc1 Kg7 37. Nf4 Nd8 38. Rxd8 1-0

[Event "Extremadura-chT"]
[Site "Spain"]
[Date "2008.02.09"]
[Round "4.1"]
[White "Corbacho Charneco, Ismael"]
[Black "Andrada Andrada, Luis Javier"]
[Result "0-1"]
[WhiteElo "2078"]
[BlackElo "2244"]
[PlyCount "57"]
[EventDate "2008.01.19"]
[EventType "team-swiss"]
[EventRounds "9"]
[EventCountry "ESP"]
[SourceTitle "EXT 2011"]
[Source "ChessBase"]
[SourceDate "2010.11.26"]
[SourceVersion "1"]
[SourceVersionDate "2010.11.26"]
[SourceQuality "1"]
[WhiteTeam "Ruy Lopez"]
[BlackTeam "Puerta Palmas"]
[WhiteTeamCountry "ESP"]
[BlackTeamCountry "ESP"]

1. e4 c5 2. Nc3 Nc6 3. g3 g6 4. Bg2 Bg7 5. f4 d6 6. d3 e5 7. Nf3 Nge7 8. 0-0 Nd4 9. h3 0-0 10. g4 f5 11. exf5 gxf5 12. Nxd4 cxd4 13. Nd5 Ng6 14. gxf5 Nh4 15. f6 Bxf6 16. Nxf6+ Rxf6 17. Bd5+ Kh8 18. Kh2 Qe7 19. Qh5 Rf5 20. Qe2 Bd7 21. Bxb7 Raf8 22. Bd2 Ng6 23. Be4 exf4 24. Qf2 Rh5 25. Qxd4+ Ne5 26. Bg2 f3 27. Bb4 Qg7 28. Qg1 Ng4+ 29. Kh1 0-1

[Event "Extremadura-chT"]
[Site "Spain"]
[Date "2008.02.02"]
[Round "3.1"]
[White "Castellanos Mendoza, David"]
[Black "Corbacho Charneco, Ismael"]
[Result "1/2-1/2"]
[WhiteElo "1713"]
[BlackElo "2078"]
[PlyCount "51"]
[EventDate "2008.01.19"]
[EventType "team-swiss"]
[EventRounds "9"]
[EventCountry "ESP"]
[SourceTitle "EXT 2011"]
[Source "ChessBase"]
[SourceDate "2010.11.26"]
[SourceVersion "1"]
[SourceVersionDate "2010.11.26"]
[SourceQuality "1"]
[WhiteTeam "Santa Isabel II"]
[BlackTeam "Ruy Lopez"]
[WhiteTeamCountry "ESP"]
[BlackTeamCountry "ESP"]

1. e4 d5 2. exd5 Qxd5 3. Nc3 Qd6 4. d4 Nf6 5. Nf3 a6 6. Bd3 b5 7. 0-0 Bb7 8. Qe2 Nbd7 9. Ne4 Nxe4 10. Bxe4 c6 11. a4 Nf6 12. Re1 Qc7 13. axb5 Nxe4 14. bxa6 Nd6 15. Bf4 Bc8 16. Ne5 Be6 17. c4 Qc8 18. a7 g5 19. Bxg5 f6 20. Nxc6 Bxc4 21. Nxe7 Bxe2 22. Nxc8 Nxc8 23. Bxf6 Rg8 24. Rxe2+ Kf7 25. Bh4 Rxa7 26. Rxa7+ 1/2-1/2

[Event "Extremadura-chT"]
[Site "Spain"]
[Date "2008.01.26"]
[Round "2.1"]
[White "Corbacho Charneco, Ismael"]
[Black "Pavon Perez, Agustin"]
[Result "0-1"]
[WhiteElo "2078"]
[BlackElo "2053"]
[PlyCount "82"]
[EventDate "2008.01.19"]
[EventType "team-swiss"]
[EventRounds "9"]
[EventCountry "ESP"]
[SourceTitle "EXT 2011"]
[Source "ChessBase"]
[SourceDate "2010.11.26"]
[SourceVersion "1"]
[SourceVersionDate "2010.11.26"]
[SourceQuality "1"]
[WhiteTeam "Ruy Lopez"]
[BlackTeam "Ateneo Cacereno II"]
[WhiteTeamCountry "ESP"]
[BlackTeamCountry "ESP"]

1. e4 e6 2. Nc3 d5 3. d3 dxe4 4. dxe4 Qxd1+ 5. Nxd1 Nf6 6. f3 Bc5 7. Be3 Bb6 8. g4 Nc6 9. c3 Bd7 10. h4 0-0-0 11. Bxb6 axb6 12. Ne3 Ne5 13. Nc4 Nxc4 14. Bxc4 Bc6 15. Ne2 Nd7 16. Nd4 Ne5 17. Be2 Ng6 18. Rh2 h5 19. g5 Nf4 20. a4 e5 21. Nf5 g6 22. Ne7+ Kb8 23. Nxc6+ bxc6 24. Bc4 Rd7 25. Rd2 Rxd2 26. Kxd2 Rc8 27. b4 Rd8+ 28. Kc2 Ng2 29. Be2 Ne3+ 30. Kc1 Rd6 31. Ra3 Ng2 32. Ra2 Nxh4 33. a5 f6 34. gxf6 Rxf6 35. Bd1 Rf4 36. Rd2 Nxf3 37. Rd8+ Kb7 38. Be2 b5 39. Rd7 h4 40. Rg7 h3 41. Kd1 h2 0-1

[Event "Extremadura-chT"]
[Site "Spain"]
[Date "2008.01.19"]
[Round "1.1"]
[White "Crespo Ramos, Maria"]
[Black "Corbacho Charneco, Ismael"]
[Result "0-1"]
[WhiteElo "1564"]
[BlackElo "2078"]
[PlyCount "94"]
[EventDate "2008.01.19"]
[EventType "team-swiss"]
[EventRounds "9"]
[EventCountry "ESP"]
[SourceTitle "EXT 2011"]
[Source "ChessBase"]
[SourceDate "2010.11.26"]
[SourceVersion "1"]
[SourceVersionDate "2010.11.26"]
[SourceQuality "1"]
[WhiteTeam "Miguel Illescas"]
[BlackTeam "Ruy Lopez"]
[WhiteTeamCountry "ESP"]
[BlackTeamCountry "ESP"]

1. e4 d5 2. exd5 Qxd5 3. Nc3 Qd6 4. d4 Nf6 5. Nf3 a6 6. Bd3 Nbd7 7. 0-0 h6 8. Re1 b5 9. Ne4 Nxe4 10. Bxe4 Rb8 11. Ne5 Nxe5 12. dxe5 Qxd1 13. Rxd1 Bb7 14. Bxb7 Rxb7 15. Be3 g5 16. Rd3 Bg7 17. Rad1 f5 18. e6 0-0 19. Rd7 Bxb2 20. Rxe7 Bf6 21. Red7 Re8 22. Bd4 Bxd4 23. R1xd4 c5 24. Rxb7 cxd4 25. Rb6 Rc8 26. Rxa6 d3 27. c3 Kf8 28. Kf1 Rxc3 29. Ke1 Ke7 30. Ra5 Rc1+ 31. Kd2 Rc2+ 32. Kxd3 Rxf2 33. Rxb5 Rxg2 34. a4 Rxh2 35. Rxf5 Rh3+ 36. Ke2 Kxe6 37. Rb5 Kf6 38. a5 Kg6 39. a6 Ra3 40. Rb6+ Kh5 41. Kf2 g4 42. Kg2 Kg5 43. Rb5+ Kh4 44. Rb6 Ra2+ 45. Kg1 h5 46. Rh6 Kg3 47. Rf6 h4 0-1

[Event "Extremadura-chT"]
[Site "Spain"]
[Date "2006.02.18"]
[Round "3"]
[White "Velez Saavedra, Antonio L"]
[Black "Corbacho Charneco, Ismael"]
[Result "0-1"]
[WhiteElo "2062"]
[BlackElo "2062"]
[PlyCount "60"]
[EventDate "2006.02.04"]
[EventType "team"]
[EventRounds "9"]
[EventCountry "ESP"]
[SourceTitle "EXT 2007"]
[Source "ChessBase"]
[SourceDate "2006.11.23"]
[SourceVersion "1"]
[SourceVersionDate "2006.11.23"]
[SourceQuality "1"]

1. e4 d5 2. exd5 Nf6 3. d4 Nxd5 4. Nf3 Bg4 5. Be2 Nb6 6. 0-0 e6 7. Be3 c5 8. c4 Nc6 9. Nc3 cxd4 10. Nxd4 Bxe2 11. Ncxe2 Nxc4 12. Qb3 Nxe3 13. fxe3 Qb6 14. Qc4 Be7 15. Rxf7 Kxf7 16. Qxe6+ Ke8 17. Nf5 Qxb2 18. Nd6+ Kd8 19. Rd1 Qxe2 20. Nf7+ Kc7 21. Qd7+ Kb6 22. Rb1+ Bb4 23. Nd6 Rab8 24. Qe6 a5 25. a3 Qd3 26. Nc4+ Ka7 27. Ra1 Rbe8 28. Qf7 Rhf8 29. Qc7 Qxc4 30. axb4 Qxb4 0-1

[Event "Almendralejo Honor tt"]
[Site "Almendralejo"]
[Date "2003.02.22"]
[Round "5.1"]
[White "Llanes Hurtado, Miguel"]
[Black "Corbacho Charneco, Ismael"]
[Result "1-0"]
[WhiteElo "2279"]
[BlackElo "2074"]
[PlyCount "57"]
[EventDate "2003.01.25"]
[EventType "team"]
[EventRounds "9"]
[EventCountry "ESP"]
[SourceTitle "EXT 2004"]
[Source "ChessBase"]
[SourceDate "2003.11.25"]
[SourceVersion "1"]
[SourceVersionDate "2003.11.25"]
[SourceQuality "1"]

1. e4 d6 2. d4 g6 3. c4 Bg7 4. Nc3 e5 5. dxe5 dxe5 6. Qxd8+ Kxd8 7. f4 Nc6 8. fxe5 Nxe5 9. Bg5+ f6 10. 0-0-0+ Bd7 11. Bh4 Nh6 12. Nf3 Nhf7 13. Nd4 Re8 14. Be2 c6 15. Rhf1 Ke7 16. h3 Rad8 17. Kc2 Bc8 18. b4 Rd7 19. Bf2 Red8 20. b5 Nd6 21. Kb3 a6 22. a4 axb5 23. cxb5 Kf7 24. Bg3 c5 25. Bxe5 cxd4 26. Rxd4 Kg8 27. Bxf6 Bxf6 28. Rxf6 Kg7 29. Rf1 1-0